| 000 | 01066nam a2200241Ia 4500 | ||
|---|---|---|---|
| 001 | 9357 | ||
| 003 | GE_BSU | ||
| 008 | 181216s||||||||xx |||||||||||||| ||und|| | ||
| 040 | _cGE_BSU | ||
| 080 | _a821.353.1–32 | ||
| 100 | _aმელანია(ნათიძე ნიკოლოზ) | ||
| 245 | _aქედნის ღუღუნი | ||
| 245 | _bმოთხრობები | ||
| 245 | _cწ. შეადგინა, ბოლოსიტყვ.ბიბლიოგრ. და სიტყვების ახსნა დაურთო:ქეთო ხაჩიაშვილმა; რედ. გრ.ჩიქოვანი.მხატვ.ე.თუხარელი | ||
| 260 | _aთბილისი | ||
| 260 | _bლიტერატურა და ხელოვნება | ||
| 260 | _c1965 | ||
| 300 | _a453გვ .1ფ.პორტრ.20სმ. | ||
| 300 | _eბიბლიოგრ. გვ. 451-452 | ||
| 653 | _aმოთხრობები | ||
| 653 | _aქედნის ღუღუნი | ||
| 942 | _cBK | ||
| 999 |
_c42653 _d42653 |
||